| 000 -LEADER |
| fixed length control field |
00679pam a2200217 a 4500 |
| 020 ## - INTERNATIONAL STANDARD BOOK NUMBER |
| ISBN |
0256218994 |
| 040 ## - CATALOGING SOURCE |
| Transcribing agency |
DLC |
| 082 00 - DEWEY DECIMAL CLASSIFICATION NUMBER |
| Classification number |
659 LRW 1998 A043 Or. |
| 100 1# - MAIN ENTRY--AUTHOR NAME |
| Personal name |
Belch, George E. |
| 245 10 - TITLE STATEMENT |
| Title |
Advertising and promotion : |
| Remainder of title |
an integrated marketing communications perspective / |
| 250 ## - EDITION STATEMENT |
| Edition statement |
4th ed. |
| 260 ## - PUBLICATION, DISTRIBUTION, ETC. (IMPRINT) |
| Place of publication |
Boston, Mass : |
| Name of publisher |
Irwin/McGraw-Hill, |
| Year of publication |
c1998. |
| 300 ## - PHYSICAL DESCRIPTION |
| Number of Pages |
xxii, 762 p. : |
| Other physical details |
ill. ; |
| Dimensions |
29 cm. |
| 500 ## - GENERAL NOTE |
| General note |
Rev. ed. of: Introduction to advertising and promotion. 3rd ed. 1995. |
| 650 #0 - SUBJECT ADDED ENTRY--TOPICAL TERM |
| Topical Term |
Advertising. |
| 650 #0 - SUBJECT ADDED ENTRY--TOPICAL TERM |
| Topical Term |
Sales promotion. |
| 650 #0 - SUBJECT ADDED ENTRY--TOPICAL TERM |
| Topical Term |
Communication in marketing. |
| 700 1# - ADDED ENTRY--PERSONAL NAME |
| Personal name |
Belch, Michael A. |
| 700 1# - ADDED ENTRY--PERSONAL NAME |
| Personal name |
Belch, George E. |
| 942 ## - ADDED ENTRY ELEMENTS (KOHA) |
| Koha item type |
សៀវភៅភាសាអង់គ្លេស |
| 952 ## - LOCATION AND ITEM INFORMATION (KOHA) |
| Withdrawn status [LOCAL, KOHA] |
0 |